PRACTICAL HANDBOOK OF BIOPHARMACEUTICS &PHARMACOKINETICS (Record no. 1221326)

MARC details
000 -LEADER
fixed length control field 00472nam a2200157Ia 4500
008 - FIXED-LENGTH DATA ELEMENTS--GENERAL INFORMATION
fixed length control field 260514s2024 xx 000 0 und d
041 ## - LANGUAGE CODE
Language code of text/sound track or separate title eng
082 ## - DEWEY DECIMAL CLASSIFICATION NUMBER
Classification number 615.7/SIN
Item number M-3471
100 ## - MAIN ENTRY--PERSONAL NAME
Personal name DR. DILPREET SINGH
245 ## - TITLE STATEMENT
Title PRACTICAL HANDBOOK OF BIOPHARMACEUTICS &PHARMACOKINETICS
260 ## - PUBLICATION, DISTRIBUTION, ETC.
Place of publication, distribution, etc. PUNE
Name of publisher, distributor, etc. S.VIKAS AND COMPANY
Date of publication, distribution, etc. 2024
300 ## - PHYSICAL DESCRIPTION
Extent P.B/38
650 ## - SUBJECT ADDED ENTRY--TOPICAL TERM
Topical term or geographic name entry element PHARMACEUTICS
650 ## - SUBJECT ADDED ENTRY--TOPICAL TERM
Topical term or geographic name entry element PRACTICAL BIOPHARMACEUTICS &PHARMACOKINETICS
700 ## - ADDED ENTRY--PERSONAL NAME
Personal name MS. SIMRANJEET KAUR
Holdings
Withdrawn status Lost status Damaged status Not for loan Home library Current library Date acquired Cost, normal purchase price Total Checkouts Full call number Barcode Date last seen Price effective from Koha item type
        College of Pharmacy, Kolhapur College of Pharmacy, Kolhapur 29/03/2024 100.00   615.7/SIN/M-3471 PCK-M-3471 14/05/2026 14/05/2026 Book